|
|
|
|
| LEADER |
00000nam a2200000 a 4500 |
| 001 |
vtls001420017 |
| 003 |
SK-MaSNL |
| 005 |
20260301012800.0 |
| 008 |
240315s1921 xx 0 und |
| 035 |
|
|
|a SNK000374851
|
| 040 |
|
|
|a SNK
|b slo
|c SNK
|e AACR2
|
| 100 |
1 |
|
|a Mařák, Jan
|4 aut
|9 298388
|
| 245 |
1 |
|
|a Album melodií. Sbírka nejoblíbenějších Národních, operních a tanečních melodií pro dvoje housle
|
| 260 |
|
|
|a Praha
|b Mojmír Urbánek
|c [1921]
|
| 300 |
|
|
|a 11 s.
|
| 999 |
|
|
|c 554384
|d 556314
|
| 952 |
|
|
|t P60, <04>, [BOOK], {604}
|a SNK
|b SNK
|y VYP
|7 0
|p 17A0315233
|o snkHB 3437/6
|0 0
|1 0
|4 0
|d 2001-09-10
|l 0
|r 2005-01-02 00:00:00
|w 2026-02-23
|
| 952 |
|
|
|t P60, <04>, [BOOK], {604}
|a SNK
|b SNK
|y VYP
|7 0
|p 17A0315222
|o snkHB 3437/6 D1
|0 0
|1 0
|4 0
|d 2001-09-10
|l 0
|r 2005-01-02 00:00:00
|w 2026-02-23
|